000
00292nam a2200109Ia 4500
008
201223s9999 xx 000 0 und d
100
_a
McLane, John R.
245
0
_a
Land & local kingship in 18th ecntury bengal
260
_a
Cambridge
_b
Cambridge University Press
300
_a
342
942
_c
BK
999
_c
8500
_d
8500